disney propositions - Statistiques

Statistiques générales
  • Ce quiz a été pris 818 fois
  • Le résultat moyen est 12 sur 15
Statistiques - réponses
Question Réponse % Correct
Comment s'appelle l'homme dont raiponse va tomber amoureuse ?(raiponse) Flynn Rider
100%
comment s'appelle le singe d'aladdin Abu
97%
Qu'est ce que hercule a de particulier dans le dessin animé : Hercule Il est super fort
97%
Parmis ces noms lequel ne fait pas partit des septs nains. (blanche neige) peureux
91%
Qui est ray dans la princesse et la grenouille ? une luciole
91%
lorsque Aurore s'endort dans un sommeil éternel, de quoi s'entoure le chateau ? de ronces
90%
Fleur; l'ami de bambi est... une mouffette
90%
En quel animal est transformé Pinocchio ? En âne
89%
comment s'appelle le hibou de merlin archimède
82%
Dans quel dessin animé des hippopotames dansent en tutu ? fantasia
75%
comment s'appellent la petite souris qui est l'ami de dumbo ? timothé
74%
Quel métier exerce l'ami de Mary Poppins ramoneur
72%
Comment les dalmatiens dans les 101 dalmatiens changent de race ils se roulent dans de la suie
63%
Qu'est ce que bernard et bianca utilisent pour voyager sur le dos d'Orville ? une boite de sardine
57%
Combien de soeurs a Ariel dans la petite sirène ? 6
51%
Aucun quiz correspondant
Distribution des résultats
% des personnes avec chaque résultat
Percentile par nombre de réponses
Votre historique - résultats
Vous n’avez pas pris ce quiz